00506nam a2200193 a 4500001001300000003000900013005001700022008004100039020000900080082001200089100002600101245003600127260004600163300000900209500003500218505001000253650002300263700002600286nice12345678IN_TiNIC20260116011637.0050524s1955 newa grp 000 0 eng  ac5000a954bPD aPublication, Division aIndiab A Reference Annual 1955 aNew DelhibPublication Division Goic1955 a673p aincludes index and biblioraphy2 aIndex aIndian-Annual-19551 aPublication, Division